Statistics for The Song Quizzz🎤🎵

Click here to take the quiz!

General Stats

  • This quiz has been taken 8 times
  • The average score is 6 of 15

Answer Stats

HintAnswer% Correct
The club isn't the best....Shape Of You - Ed Sheeran
100%
Breakfast at Tiffany's and....7 rings - Ariana Grande
71%
If you wanna run away....Levitating - Dua Lipa
57%
I stay out too late....Shake It Off - Taylor Swift
57%
I've been tryna call....Blinding Lights - The Weeknd
43%
I can't write one song....If I Can't Have You - Shawn Mendes
43%
Thought I found a way....Lovely - Billie Eilish
43%
A lucky, lucky girl, she got married....Unholy - Sam Smith
43%
We are searchlights, we can....What About Us - P!nk
43%
Sunday mornings were your....In The Stars - Benson Boone
29%
Why you callin' at 11.30....Light Switch - Charlie Puth
29%
When she was just a....Paradise - Coldplay
29%
I do the same thing....STAY - Justin Bieber, The Kid LAROI
29%
Early morning, there's a....How Do I Say Goodbye - Dean Lewis
14%
How, where, when, why....Questions - Lost Frequencies
14%

Score Distribution

Percentile by Number Answered

Percent of People with Each Score

Your Score History

You have not taken this quiz